Termistorová anemometrie. Záverečná zpráva : Část I. - experimentální. Část II. - konstrukční
Gespeichert in:
| 1. Verfasser: | |
|---|---|
| Format: | Buch |
| Veröffentlicht: |
Brno :
Československá akademie věd,
1961
|
| Tags: |
Keine Tags, Fügen Sie das erste Tag hinzu!
|
MARC
| LEADER | 00000nam a22000003a 4500 | ||
|---|---|---|---|
| 001 | stu234995 | ||
| 005 | 20241106110239.7 | ||
| 008 | 110928s1961----------------------------d | ||
| 040 | |a STU |b slo | ||
| 100 | 1 | |a Vepřek, Jaroslav |4 aut | |
| 245 | 1 | |a Termistorová anemometrie. Záverečná zpráva : |b Část I. - experimentální. Část II. - konstrukční | |
| 260 | |a Brno : |b Československá akademie věd, |c 1961 | ||
| 300 | |a 74 s., 23 s |c príl. | ||
| 996 | |b EVYSK-S-66 |c E*VYSK-S-66 |l E |s P |a 0 |w stu234995_0001 | ||